| 000 | 01270cam a22002054a 4500 | ||
|---|---|---|---|
| 005 | 20250605163958.0 | ||
| 008 | 250528s ||||||||||||||||||||||||d | ||
| 035 | _a15546 | ||
| 020 | _a201175290 | ||
| 040 |
_aGR-AtMCL _bgre _dGR-AtMCL _eAACR2 |
||
| 245 | 1 | _aReal-Time Systems and their Programming Languages / International Computer Science Series | |
| 260 |
_bAddison-Wesley Publishing Company, _c1990 |
||
| 300 | _a578 | ||
| 520 | _aThis book provides an in-depth survey of real-time systems and the programming languages used in their development. Preface, Introduction to Real-Time Machines, Designing Real-Time Machines, Programming in the Small, Programming in the Large, Reliability and Fault Tolerance, Exceptions and Exception Handling, Concurrent Programming, Shared Memory-based Synchronization and Communication, Shared-Memory Based Synchronization and Communication, Message-Based Synchronization and Communication, Atomic Actions and Concurrent Processes and Reliability, Resource Control, Real-Time Facilities, Distributed Systems, Low-Level Programming, Efficiency of Implementation, A Case Study in Ada, Conclusions, Index. | ||
| 700 | 1 |
_aBurns Alan _91501 |
|
| 700 | 1 |
_aWellings Andy _91502 |
|
| 942 | _cBK | ||
| 999 |
_c1120 _d1120 |
||